Advanced inorganic chemistry (Record no. 2836)

000 -LEADER
fixed length control field 00571nam a2200241u 4500
001 - CONTROL NUMBER
control field 2836
003 - CONTROL NUMBER IDENTIFIER
control field BD-DhUET
008 - FIXED-LENGTH DATA ELEMENTS--GENERAL INFORMATION
fixed length control field 890901s1965 ii 000 0 eng
020 ## - INTERNATIONAL STANDARD BOOK NUMBER
International Standard Book Number 8121902630
040 ## - CATALOGING SOURCE
Original cataloging agency DLC
Transcribing agency DLC
Modifying agency BD-DhUET
082 ## - DEWEY DECIMAL CLASSIFICATION NUMBER
Classification number 546
Item number PRA/2000
100 ## - MAIN ENTRY--PERSONAL NAME
Personal name Prakash, Satya
245 00 - TITLE STATEMENT
Title Advanced inorganic chemistry
250 ## - EDITION STATEMENT
Edition statement 1st ed.
260 ## - PUBLICATION, DISTRIBUTION, ETC. (IMPRINT)
Place of publication, distribution, etc. New York
Name of publisher, distributor, etc. S. Chand
Date of publication, distribution, etc. 2000
300 ## - PHYSICAL DESCRIPTION
Extent xvi, 1157p.
Other physical details ill.
500 ## - GENERAL NOTE
General note Vol. I
650 #0 - SUBJECT ADDED ENTRY--TOPICAL TERM
Topical term or geographic name as entry element Chemistry
700 ## - ADDED ENTRY--PERSONAL NAME
Personal name Tuli, G. D.
700 ## - ADDED ENTRY--PERSONAL NAME
Personal name Basu, S. K.
700 ## - ADDED ENTRY--PERSONAL NAME
Personal name Madan, R. D.
942 ## - ADDED ENTRY ELEMENTS (KOHA)
Koha item type General Book
Holdings
Sublocation or collection (holding branch) Koha full call number Koha date last seen Koha date last borrowed Not for loan Lost status Koha renewals Piece designation (barcode) Price effective from Date acquired Source of classification or shelving scheme Shelving location Location (home branch) Koha item type Withdrawn status Damaged status Copy number Koha normalized classification for sorting Koha issues (times borrowed)
Central Library, BUET546/PRA/20002024-05-262024-04-27  2964352014-10-122014-10-12 Circulation sectionCentral Library, BUETGeneral Book  1546_000000000000000_PRA_20005
Central Library, BUET546/PRA/20002020-02-242020-02-23  1964332014-11-092014-11-09 Circulation sectionCentral Library, BUETGeneral Book  2546PRA200012
Central Library, BUET546/PRA/20002015-06-16    964312015-06-162015-06-16 Reading sectionCentral Library, BUETReading Item  3546_000000000000000_PRA_2000 
Central Library, BUET546/PRA/20002019-09-012019-08-24   964342015-12-282015-12-28 Circulation sectionCentral Library, BUETGeneral Book  4546_000000000000000_PRA_20006